| 000 | 00983cab a22002295a 4500 | ||
|---|---|---|---|
| 001 | L148473 | ||
| 008 | 090922e20090905xxk 000 0 eng d | ||
| 035 | _a(Sirsi) u148473 | ||
| 041 | 0 | _aeng | |
| 100 | 1 | _aKing, Vivien | |
| 245 | 0 | 0 | _aWhipping up a storm |
| 260 | _c2006 | ||
| 490 |
_aEstates Gazette _v(0935) 5 September 2009, 106-107(2) |
||
| 520 | _aDisputes over service charges provisions in leases and dilapidation issues are the key areas of contention between landlords and tenants. Beyond economic repair is illustated by "Postal Properties Ltd v Boots the Chemist Ltd" QBD 1996 (ABS56035). Examines the role of the independent expert to settle disputes. Reference to case law. | ||
| 590 | _aKA | ||
| 650 | 2 | 4 | _aPOSTEL PROPERTIES LTD V BOOTS THE CHEMIST |
| 650 | 2 | 4 | _aMURRAY V BIRMINGHAM CITY COUNCIL |
| 650 | 2 | 4 | _aMASON V TOTALFINAELF UK LTD |
| 651 | 4 | _aENGLAND AND WALES | |
| 690 | _aPROPERTY-COMMERCIAL PROPERTY-COMMERCIAL PROPERTY MANAGEMENT | ||
| 942 | _n0 | ||
| 999 |
_c81859 _d81859 |
||